Harry Potter spells - Statistics

General Stats
  • This quiz has been taken 31 times
  • The average score is 14 of 47
Answer Stats
Type Description Answer % Correct
Charm Unlocks doors and other lockedobjects Alohomora
95%
Charm Summons objects to the caster Accio
82%
Curse Causes excruciating pain on victim Crucio
73%
Charm, Conjuration Produces a clean, drinkable jet ofwater from the wand tip Aguamenti
68%
Curse Causes instantaneous death Avada Kedavra
68%
Curse Imperius Curse Imperio
64%
Curse Reductor Curse Reducto
59%
Charm Disarms victim Expelliarmus
55%
Charm Levitation Charm Wingardium Leviosa
55%
Charm Patronus Charm Expecto Patronum
50%
Charm Confuses target Confundo
45%
Curse Full Body-Bind Curse Petrificus Totalus
45%
Charm Repairing Charm Reparo
45%
Charm Stunning Spell Stupefy
45%
Spell Fire-Making Charm Incendio
41%
Charm Wand Lighting Charm Lumos
41%
Curse Invisible Sword Curse Sectumsempra
41%
Charm/Spell Healing Charm Episkey
36%
Jinx Impediment Jinx Impedimenta
36%
Dark Charm Incantation for the Dark Mark Morsmordre
36%
Summoning Snake Summons Spell Serpensortia
36%
Charm Prevents people above or belowa certain age from access to a target Age Line
32%
Transportation Transports the caster to anotherlocation Apparition
32%
Conjuration, Charm Conjures a flock of birds from thebird from the wand Avis
27%
Curse Gemino Curse Geminio
23%
Charm Decreases the velocity of a movingtarget Arresto Momentum
18%
Healing Spell, Vanishment Clears the target's airway Anapneo
14%
Curse Leg-Locker Curse Locomotor Mortis
14%
Charm Reveals secret messages writtenin invisible ink Aparecium
9%
Charm Drives away spiders Arania Exumai
9%
Charm Lifs the caster high in the air Ascendio
9%
Curse Jelly-Legs Curse Locomotor Wibbly
9%
Spell Bouquet Spell Orchideous
9%
Charm A spell used to open doors Aberto
5%
Charm Shoots the target high into the air Alarte Ascendare
5%
Transfiguration Spell used as part of the process ofbecoming an Animagus Amato AnimoAnimato Animagus
5%
Dark Charm Causes the target to grow antlers Anteocualita
5%
Charm Reveals traces of magic Appare Vestigium
5%
Charm Crete a jet of clear water from thetip of the wand Aqua Eructo
5%
Charm Turns object into a tracking device Avensegium
5%
Transfiguration Transforms target into a bird Avifors
5%
Curse Hair loss curse Calvorio
5%
Curse Blasting Curse Confrigo
5%
Curse Causes immense explosions Espulso
5%
Curse Causes the target to erupt in painfulboils/pimples Furnuculus
5%
Curse Tongue-Tying Curse Mimble Wimble
5%
Curse Slug-Vomiting Charm Slugulus Erecto
5%
No matching quizzes found
Score Distribution
Percent of People with Each Score
Percentile by Number Answered
Your Score History
You have not taken this quiz